| 000 | 00595cam a2200217 4500 | ||
|---|---|---|---|
| 001 | B503 | ||
| 008 | 090401t1986 xxu||||| |||| 00| 0 eng d | ||
| 035 | _a(Sirsi) u36247 | ||
| 041 | _aeng | ||
| 050 | _a692.8 | ||
| 090 | _aRICS 1986/50A | ||
| 110 |
_aRoyal Institution of Chartered Surveyors _94900 |
||
| 245 | _aCertificate of non-completion | ||
| 250 | _aRev. ed. | ||
| 260 |
_aLondon _bRoyal Institution of Chartered Surveyors _c1986 |
||
| 300 | _aPad of 50 forms in sets of 2 ; 30cm. | ||
| 350 | _a0 | ||
| 650 | _aCONTRACT ADMINISTRATION FORMS | ||
| 942 | _n0 | ||
| 948 | _c04/03/1997 | ||
| 999 |
_c90229 _d90229 |
||